00294nam a2200121Ia 4500008004100000041000800041082001400049100001900063245001700082260004000099300002400139365000900163240624s9999 xx 000 0 und d aeng a658.5 REV aREVELLE JACK B aQFD HANDBOOK c1998aNew YorkbJohn Wiley and Sons a410 : p. : CM. ; 24 cb30